000 00609nam a22001457a 4500
020 _a978-81-7223-563-5
082 _a823
_bCOE/E
100 _aCOELHO, PAULO
245 _aELEVEN MINUTES
260 _aLONDON
_bHARPER COLLINS
_c2007
300 _a275
520 _aMaria, a young girl from a remote village of Brazil, whose first encounters with love had left her heartbroken, goes to seek her fortune in Switzerland. She works for a time in a nightclub but soon becomes dissatisfied and after a heated discussion with her manager one night, she quits her job.
650 _aNOVEL
_zUNITED KINGDOM
942 _cBK
999 _c2946
_d2946